00885 a2200181 45000010006000000050017000060080041000230030015000640400040000790800162001192450067002810200018003482640042003663000019004085050248004270410008006751000020006833778020260407155644.0260407a1984 arg spa dAR-UNSa-BCEJYS aAR-UNSa-BCEJYSbspacAR-UNSa-BCEJYS a51-7xEstudios y métodos matemáticos en otros campos del conocimiento. Matemáticas científicas. Matemáticas actuariales (Matemáticas Financieras)10aCurso de matemática financierapen un contexto inflacionario a950-587-015-9 1aBuenos Aires :bClub de Estudioc1984 a393 p.c22 cm. a1. Tasas - 2. Operaciones simples - 3. Operaciones compuestas - 4. Tasas subperiodicas y equivalencias entre tasas - 5. Rentas - 6. Sistemas de amortización - 7. La toma de fondos - 8. El análisis matemático en el cálculo financiero -  aspa1 aApreda, Rodolfo